000 00644nam a2200229 i 4500
001 C2-0070957
003 PPAK
005 20190630222147.0
008 970429s1981 my |||| ||||| | may d
040 _aPPAK
_beng
_cPPAK
_erda
082 0 4 _a610.7368
_223
090 0 0 _a610.7368
_bCAN
_dG
100 1 _aCandiah, Puraneswari,
_eauthor
245 1 0 _aBuku panduan kejururawatan psikiatri
264 1 _aKuala Lumpur :
_bDewan Bahasa dan Pustaka ,
_c1981
300 _axv, 232 pages ;
_c22 cm
336 _2rdacontent
_atext
337 _2rdamedia
_aunmediated
338 _2rdacarrier
_avolume
650 1 0 _aClinical psychology
942 _ddc
_cB
999 _c8510
_d8510